Japan International Aerospace show'79

Gorde:
Xehetasun bibliografikoak
Erakunde egilea: Japan Civil Aviation Promotion Foundation
Formatua: Liburua
Hizkuntza:Undetermined
Argitaratua: Tokyo The Society of Japan Aerospace Companies, Inc 1979
Gaiak:
Etiketak: Etiketa erantsi
Etiketarik gabe, Izan zaitez lehena erregistro honi etiketa jartzen!
Thư viện lưu trữ: Trung tâm Học liệu Trường Đại học Cần Thơ
LEADER 00608nam a2200193Ia 4500
001 CTU_99382
008 210402s9999 xx 000 0 und d
082 |a 629.4 
082 |b J35 
110 |a Japan Civil Aviation Promotion Foundation 
245 0 |a Japan International Aerospace show'79 
245 0 |c Japan Civil Aviation Promotion Foundation 
260 |a Tokyo 
260 |b The Society of Japan Aerospace Companies, Inc 
260 |c 1979 
650 |a Air transportation,Aerospace engineering 
650 |z Japan,Japan 
904 |i Năm 
980 |a Trung tâm Học liệu Trường Đại học Cần Thơ